Manual práctico de lengua griega o sea Colección de ejercicios gramaticales y de traducción (Record no. 154543)

MARC details
000 -LEADER
campo de control de longitud fija 00942nam a2200205 i 4500
001 - NÚMERO DE CONTROL
campo de control 154543
003 - IDENTIFICADOR DE NÚMERO DE CONTROL
campo de control ES-MaACL
005 - FECHA Y HORA DE LA ÚLTIMA TRANSACCIÓN
campo de control 20230906205754.0
008 - DATOS DE LONGITUD FIJA--INFORMACIÓN GENERAL
campo de control de longitud fija 961001s1864 sp |||| | spa d
100 1# - ENTRADA PRINCIPAL--NOMBRE DE PERSONA
Nombre de persona González Andrés, Raimundo.
9 (RLIN) 127397
245 10 - MENCIÓN DEL TÍTULO
Título Manual práctico de lengua griega o sea Colección de ejercicios gramaticales y de traducción
Resto del título : ilustrada con numerosas notas y un vocabulario /
Mención de responsabilidad, etc. por Raimundo González Andrés.
246 3# - FORMA VARIANTE DEL TITULO
Título propio/Titulo breve Colección de ejercicios gramaticales y de traducción
250 ## - MENCION DE EDICION
Mención de edición 4ª ed. aum.
260 ## - PUBLICACIÓN, DISTRIBUCIÓN, ETC.
Lugar de publicación, distribución, etc. Madrid :
Nombre del editor, distribuidor, etc. [s.n.],
Fecha de publicación, distribución, etc. 1864 (
Fabricante Aguado)
300 ## - DESCRIPCIÓN FÍSICA
Extensión XVI, 128 p. ;
Dimensiones 21 cm.
530 ## - NOTA DISPONIBLE DE FORMULARIO FÍSICO ADICIONAL
Nota de formato físico adicional disponible Disponible en formato digital.
650 04 - PUNTO DE ACCESO ADICIONAL DE MATERIA--TÉRMINO DE MATERIA
Término de materia o nombre geográfico como elemento de entrada Lengua griega.
9 (RLIN) 14240
852 ## - LOCALIZACIÓN
Ubicación ES-MaACL
Número de control de estantería T-304-F-2
Nota libre - Enc. hol., falto de cub. original
-- Ded. autógrafa del autor
-- - Enc. en un vol. facticio
856 ## - LOCALIZACIÓN Y ACCESO ELECTRÓNICOS
Identificador Uniforme de Recursos <a href="http://bdh-rd.bne.es/viewer.vm?id=0000054711&page=1 ">http://bdh-rd.bne.es/viewer.vm?id=0000054711&page=1 </a>
Nota pública Biblioteca Digital Hispánica
Holdings
Estatus retirado Estado de pérdida Estado de daño No para préstamo Colección Biblioteca de origen Biblioteca actual Ubicación en estantería Fecha de adquisición Total de préstamos Signatura topográfica completa Código de barras Visto por última vez Precio de reemplazo Tipo de ítem Koha
        Colección de folletos Biblioteca del Ateneo de Madrid Biblioteca del Ateneo de Madrid Depósito folletos 17/01/2008   T-304-F-2 1161628 23/02/2023 23/02/2023 Folleto